000 00781nam a2200265 a 4500
001 6610
003 BD-RjUL
005 20211208234258.0
008 141220s2014 bg abf b 001 0 eng
020 _a978845061025
035 _a(BD-RjUL)6651
040 _aDLC
_cDLC
_dDLC
_dBD-RjUL
_beng
041 _aeng
082 0 0 _a330.9549205
_219
_bHAE 2014
100 1 _aRashid, Haroun.
_9114669
245 1 3 _aEconomic geography of Bangladesh /
_cHaroun er Rashid.
250 _a3rd ed.
260 _aDhaka :
_bUniversity Press,
_cc2014.
300 _axviii, 318 p :
_bill., maps ;
_c22 cm.
504 _aIncludes bibliographical references and index.
651 0 _aBangladesh
_xEconomic conditions.
_9114670
942 _2ddc
_cBK
999 _c6610
_d6610